Football League Cup Winners Quiz Stats

 Plays Quiz not verified by Sporcle

Challenge
Share
Tweet
Embed
Score 0/54 Timer 08:00
0 Plays Today
Year Team % Correct
1970Manchester City
100%
1976Manchester City
100%
1981Liverpool
100%
1982Liverpool
100%
1983Liverpool
100%
1984Liverpool
100%
1995Liverpool
100%
2001Liverpool
100%
2003Liverpool
100%
2012Liverpool
100%
2014Manchester City
100%
1965Chelsea
98.6%
1971Tottenham Hotspur
98.6%
1973Tottenham Hotspur
98.6%
1987Arsenal
98.6%
1992Manchester United
98.6%
1993Arsenal
98.6%
1998Chelsea
98.6%
1999Tottenham Hotspur
98.6%
2005Chelsea
98.6%
2006Manchester United
98.6%
2007Chelsea
98.6%
2008Tottenham Hotspur
98.6%
2009Manchester United
98.6%
2010Manchester United
98.6%
1961Aston Villa
94.3%
1975Aston Villa
94.3%
Year Team % Correct
1977Aston Villa
94.3%
1994Aston Villa
94.3%
1996Aston Villa
94.3%
2013Swansea City
91.4%
1968Leeds United
88.6%
1963Birmingham City
85.7%
2011Birmingham City
85.7%
2002Blackburn Rovers
84.3%
1978Nottingham Forest
82.9%
1979Nottingham Forest
82.9%
1989Nottingham Forest
82.9%
1990Nottingham Forest
82.9%
1964Leicester City
78.6%
1991Sheffield Wednesday
78.6%
1997Leicester City
78.6%
2000Leicester City
78.6%
2004Middlesbrough
78.6%
1966West Bromwich Albion
77.1%
1962Norwich City
75.7%
1985Norwich City
75.7%
1967Queens Park Rangers
68.6%
1972Stoke City
67.1%
1974Wolverhampton Wanderers
65.7%
1980Wolverhampton Wanderers
65.7%
1988Luton Town
60%
1986Oxford United
55.7%
1969Swindon Town
42.9%

You're not logged in!

Compare scores with friends on all Sporcle quizzes.
OR
Log In

You Might Also Like...

Show Comments

Extras

Top Quizzes Today


Score Distribution

Your Account Isn't Verified!

In order to create a playlist on Sporcle, you need to verify the email address you used during registration. Go to your Sporcle Settings to finish the process.

Report this User

Report this user for behavior that violates our Community Guidelines.

Details: